[Event "DEN-ch Seniors 65+"]
[Site "Logumkloster"]
[Date "2021.06.04"]
[Round "6"]
[White "Jarlnaes, Erik"]
[Black "Holst, Per"]
[Result "1/2-1/2"]
[WhiteElo "1965"]
[BlackElo "2109"]
[PlyCount "81"]
[EventDate "2021.05.30"]
[EventType "swiss"]
[EventRounds "7"]
[EventCountry "DEN"]
[SourceTitle "CBM 203 Extra"]
[Source "ChessBase"]
[SourceDate "2021.09.30"]
[SourceVersion "1"]
[SourceVersionDate "2021.09.30"]
[SourceQuality "1"]

1. e4 e6 2. d4 d5 3. Nc3 Bb4 4. exd5 exd5 5. Bd2 Nc6 6. Bb5 Nge7 7. a3 Bd6 8. Bg5 f6 9. Bh4 Bf5 10. Nge2 Qd7 11. Bg3 0-0-0 12. Qd2 g5 13. 0-0-0 a6 14. Bd3 Bxd3 15. Qxd3 Na5 16. h4 h6 17. b4 Bxg3 18. Nxg3 Nc4 19. Nb1 a5 20. Rde1 axb4 21. axb4 Qd6 22. c3 Rhe8 23. hxg5 hxg5 24. Re2 Nc6 25. Rhe1 Qf4+ 26. Kc2 Rxe2+ 27. Rxe2 Nd6 28. Nh5 Qh2 29. Nxf6 Qxg2 30. f3 Qh1 31. b5 Na5 32. Nxd5 g4 33. Ne7+ Kb8 34. fxg4 Rf8 35. Nf5 Ndc4 36. Qe4 Qf1 37. Re1 Qf2+ 38. Re2 Qf1 39. Re1 Qf2+ 40. Qe2 Qf4 41. Qe4 1/2-1/2

[Event "Helsingor Xtracon op"]
[Site "Helsingor"]
[Date "2019.07.24"]
[Round "6"]
[White "Zheng, Harry Z"]
[Black "Jarlnaes, Erik"]
[Result "1-0"]
[WhiteElo "1597"]
[BlackElo "1959"]
[PlyCount "87"]
[EventDate "2019.07.20"]
[EventType "swiss"]
[EventRounds "10"]
[EventCountry "DEN"]
[SourceTitle "CBM 191 Extra"]
[Source "ChessBase"]
[SourceDate "2019.09.30"]
[SourceVersion "1"]
[SourceVersionDate "2019.09.30"]
[SourceQuality "1"]

1. e4 e6 2. d4 d5 3. Nd2 dxe4 4. Nxe4 Nf6 5. Ng3 c5 6. Bb5+ Bd7 7. Bxd7+ Qxd7 8. Nf3 Nc6 9. Be3 Ng4 10. 0-0 Rd8 11. c3 Nxe3 12. fxe3 Be7 13. Qe2 0-0 14. Rad1 Qc7 15. Ne4 cxd4 16. exd4 h6 17. Nf2 a6 18. Nd3 b5 19. Nde5 Nxe5 20. Nxe5 Bd6 21. Nf3 Rb8 22. Rfe1 Rfc8 23. Rc1 Bf4 24. Rc2 g5 25. g3 Bd6 26. Qf1 Qc4 27. b3 Qxf1+ 28. Rxf1 g4 29. Nd2 f5 30. Re1 Kf7 31. Nb1 Re8 32. Rf2 Kg6 33. Rfe2 Kf6 34. Nd2 h5 35. Nf1 Rbc8 36. Ne3 Re7 37. c4 Bb4 38. Rf1 Bc3 39. Rd1 Kg5 40. Nd5 Rd7 41. Nxc3 bxc4 42. b4 Rd6 43. Re5 Rcd8 44. Ne4+ 1-0

[Event "Helsingor Xtracon op"]
[Site "Helsingor"]
[Date "2019.07.22"]
[Round "4"]
[White "Svane, Freja"]
[Black "Jarlnaes, Erik"]
[Result "0-1"]
[WhiteElo "1600"]
[BlackElo "1959"]
[PlyCount "86"]
[EventDate "2019.07.20"]
[EventType "swiss"]
[EventRounds "10"]
[EventCountry "DEN"]
[SourceTitle "CBM 191 Extra"]
[Source "ChessBase"]
[SourceDate "2019.09.30"]
[SourceVersion "1"]
[SourceVersionDate "2019.09.30"]
[SourceQuality "1"]

1. d4 Nf6 2. c4 e6 3. Nc3 Bb4 4. Qc2 d5 5. e3 c5 6. Nf3 0-0 7. Bd2 Nc6 8. Bd3 dxc4 9. Bxc4 cxd4 10. Nd1 Bxd2+ 11. Qxd2 dxe3 12. Qxe3 Nb4 13. Qb3 Nbd5 14. 0-0 b6 15. Nc3 Nxc3 16. Qxc3 Bb7 17. Rfd1 Qc7 18. Nd4 Rac8 19. Rac1 Ng4 20. Qg3 Qxg3 21. hxg3 a6 22. Be2 Nf6 23. Bf3 Nd5 24. Ne2 Rxc1 25. Rxc1 Rc8 26. a3 Kf8 27. Kf1 Ke7 28. Nc3 Rc5 29. b4 Rxc3 30. Rxc3 Nxc3 31. Bxb7 a5 32. bxa5 bxa5 33. Bc6 Kd6 34. Be8 f6 35. Ke1 Kc5 36. Bf7 e5 37. Bg8 h6 38. Bb3 Nb5 39. a4 Nc3 40. Kd2 Kb4 41. Bc2 Nxa4 42. Kd3 Nc5+ 43. Ke3 Kc3 0-1

[Event "Helsingor Xtracon op"]
[Site "Helsingor"]
[Date "2018.07.26"]
[Round "7"]
[White "Jarlnaes, Erik"]
[Black "Nord, Alexander"]
[Result "1/2-1/2"]
[WhiteElo "1930"]
[BlackElo "1763"]
[PlyCount "34"]
[EventDate "2018.07.21"]
[EventType "swiss"]
[EventRounds "10"]
[EventCountry "DEN"]
[SourceTitle "CBM 185 Extra"]
[Source "ChessBase"]
[SourceDate "2018.07.29"]
[SourceVersion "1"]
[SourceVersionDate "2018.07.29"]
[SourceQuality "1"]

1. c4 e5 2. Nc3 Nf6 3. g3 d5 4. cxd5 Nxd5 5. Bg2 Be6 6. d3 Be7 7. Nf3 Nc6 8. 0-0 0-0 9. h4 h6 10. a3 Kh8 11. Bd2 Nb6 12. b4 a6 13. Rc1 f5 14. Na4 Nxa4 15. Qxa4 e4 16. Rxc6 bxc6 17. Ne5 Kh7 1/2-1/2

[Event "Helsingor Xtracon op"]
[Site "Helsingor"]
[Date "2018.07.24"]
[Round "5"]
[White "Jarlnaes, Erik"]
[Black "Christiansen, Torsten Sundgaar"]
[Result "1/2-1/2"]
[WhiteElo "1930"]
[BlackElo "1722"]
[PlyCount "46"]
[EventDate "2018.07.21"]
[EventType "swiss"]
[EventRounds "10"]
[EventCountry "DEN"]
[SourceTitle "CBM 185 Extra"]
[Source "ChessBase"]
[SourceDate "2018.07.29"]
[SourceVersion "1"]
[SourceVersionDate "2018.07.29"]
[SourceQuality "1"]

1. e4 g6 2. Bc4 Nf6 3. d3 d5 4. exd5 Nxd5 5. Qf3 Nf6 6. Nc3 Nc6 7. Bb5 Bd7 8. Nge2 Bg7 9. h3 0-0 10. Bf4 Nb4 11. Bxd7 Qxd7 12. Rc1 c6 13. 0-0 Rad8 14. a3 Nbd5 15. Be5 Nxc3 16. Nxc3 Nd5 17. Bxg7 Kxg7 18. Nxd5 Qxd5 19. Qe3 Qd4 20. Qxd4+ Rxd4 21. Rfe1 Kf6 22. Re3 Rfd8 23. Rce1 e6 1/2-1/2

[Event "Helsingor Xtracon op"]
[Site "Helsingor"]
[Date "2018.07.22"]
[Round "3"]
[White "Jarlnaes, Erik"]
[Black "Solberg, Joachim Krokvik"]
[Result "0-1"]
[WhiteElo "1930"]
[BlackElo "2263"]
[PlyCount "66"]
[EventDate "2018.07.21"]
[EventType "swiss"]
[EventRounds "10"]
[EventCountry "DEN"]
[SourceTitle "CBM 185 Extra"]
[Source "ChessBase"]
[SourceDate "2018.07.29"]
[SourceVersion "1"]
[SourceVersionDate "2018.07.29"]
[SourceQuality "1"]

1. e4 c5 2. Nf3 Nc6 3. d4 cxd4 4. Nxd4 Nf6 5. Nc3 e5 6. Ndb5 d6 7. Nd5 Nxd5 8. exd5 Ne7 9. c4 Nf5 10. Bd3 g6 11. 0-0 a6 12. Nc3 Bg7 13. Re1 0-0 14. Bxf5 Bxf5 15. Be3 Rc8 16. g4 Bd7 17. b3 f5 18. Na4 Bxa4 19. bxa4 Rxc4 20. gxf5 gxf5 21. Qb3 Qh4 22. f3 Rb4 23. Qa3 Rf6 24. Re2 Rxa4 25. Qb3 Rb4 26. Qc3 Rc4 27. Qb3 Rg6+ 28. Kh1 Qh3 29. Bd2 e4 30. Rg1 Rxg1+ 31. Kxg1 Bd4+ 32. Be3 Rc1+ 33. Kf2 Qxh2# 0-1

[Event "Helsingor Xtracon op"]
[Site "Helsingor"]
[Date "2018.07.21"]
[Round "1"]
[White "Jarlnaes, Erik"]
[Black "Urkedal, Frode Olav Olsen"]
[Result "0-1"]
[WhiteElo "1930"]
[BlackElo "2552"]
[PlyCount "70"]
[EventDate "2018.07.21"]
[EventType "swiss"]
[EventRounds "10"]
[EventCountry "DEN"]
[SourceTitle "CBM 185 Extra"]
[Source "ChessBase"]
[SourceDate "2018.07.29"]
[SourceVersion "1"]
[SourceVersionDate "2018.07.29"]
[SourceQuality "1"]

1. e4 c5 2. Nf3 d6 3. d4 cxd4 4. Nxd4 Nf6 5. Nc3 a6 6. Be2 e5 7. Nb3 Be7 8. 0-0 0-0 9. Be3 Be6 10. Nd5 Nxd5 11. exd5 Bf5 12. c4 Nd7 13. Rc1 Bg5 14. f4 exf4 15. Bxf4 Bxf4 16. Rxf4 Bg6 17. Qd4 a5 18. Bd3 a4 19. Nd2 Bxd3 20. Qxd3 Qb6+ 21. Qd4 Ra6 22. Nf3 Re8 23. Rc2 h6 24. b4 axb3 25. axb3 Qxb3 26. Rb2 Ra1+ 27. Kf2 Ra2 28. Rxa2 Qxa2+ 29. Kg3 Re2 30. Qg1 Nf6 31. Kh3 Ne4 32. Qf1 g5 33. Rf5 Qxc4 34. g4 Nf2+ 35. Kg3 Qxg4# 0-1

[Event "Helsingor Xtracon op"]
[Site "Helsingor"]
[Date "2017.07.30"]
[Round "10"]
[White "Schack, Asbjorn Hovgaard"]
[Black "Jarlnaes, Erik"]
[Result "1-0"]
[WhiteElo "2053"]
[BlackElo "1880"]
[PlyCount "81"]
[EventDate "2017.07.22"]
[EventType "swiss"]
[EventRounds "10"]
[EventCountry "DEN"]
[SourceTitle "CBM 179 Extra"]
[Source "ChessBase"]
[SourceDate "2017.08.23"]
[SourceVersion "1"]
[SourceVersionDate "2017.08.23"]
[SourceQuality "1"]

1. d4 Nf6 2. c4 e6 3. Nc3 Bb4 4. e3 0-0 5. Nge2 d5 6. a3 Bxc3+ 7. Nxc3 a5 8. cxd5 exd5 9. Bd3 Re8 10. 0-0 b6 11. Rb1 Ba6 12. b4 axb4 13. axb4 Ne4 14. Nxe4 Bxd3 15. Qxd3 dxe4 16. Qc4 Ra4 17. f3 Qd7 18. fxe4 Rxe4 19. Bd2 b5 20. Qc2 Rg4 21. Rf5 Ra6 22. Be1 Rc6 23. Rxb5 Na6 24. Qe2 Rc2 25. Rb8+ Nxb8 26. Qxc2 Rg6 27. Bg3 Rc6 28. Qe4 f5 29. Qd3 Qd5 30. b5 Rc4 31. b6 Na6 32. Qa3 Rc2 33. Qb3 Rxg2+ 34. Kf1 Qxb3 35. Rxb3 Rc2 36. Ra3 cxb6 37. Rxa6 b5 38. Rb6 Rb2 39. Bd6 Kf7 40. d5 g5 41. Be5 1-0

[Event "Helsingor Xtracon op"]
[Site "Helsingor"]
[Date "2017.07.26"]
[Round "6"]
[White "Wallin, Kenneth"]
[Black "Jarlnaes, Erik"]
[Result "0-1"]
[WhiteElo "1633"]
[BlackElo "1880"]
[PlyCount "58"]
[EventDate "2017.07.22"]
[EventType "swiss"]
[EventRounds "10"]
[EventCountry "DEN"]
[SourceTitle "CBM 179 Extra"]
[Source "ChessBase"]
[SourceDate "2017.08.23"]
[SourceVersion "1"]
[SourceVersionDate "2017.08.23"]
[SourceQuality "1"]

1. d4 Nf6 2. Nf3 e6 3. e3 b6 4. Bd3 Bb7 5. Nbd2 c5 6. 0-0 d5 7. b3 Bd6 8. Bb2 cxd4 9. Nxd4 0-0 10. Qe2 e5 11. Nf5 e4 12. Bxe4 dxe4 13. Nc4 Bc5 14. Rad1 Qc8 15. Ncd6 Bxd6 16. Nxd6 Ba6 17. c4 Qe6 18. f4 Qg4 19. Qc2 Nbd7 20. f5 Qg5 21. Rf4 Nc5 22. Bxf6 Qxf6 23. b4 Rfd8 24. bxc5 bxc5 25. Nxe4 Qc6 26. Rc1 Re8 27. Kf2 Bb7 28. Kf3 Rxe4 29. Re1 Rxc4+ 0-1

[Event "Helsingor Xtracon op"]
[Site "Helsingor"]
[Date "2017.07.24"]
[Round "4"]
[White "Lahlum, Hans Olav"]
[Black "Jarlnaes, Erik"]
[Result "1/2-1/2"]
[WhiteElo "2131"]
[BlackElo "1880"]
[PlyCount "115"]
[EventDate "2017.07.22"]
[EventType "swiss"]
[EventRounds "10"]
[EventCountry "DEN"]
[SourceTitle "CBM 179 Extra"]
[Source "ChessBase"]
[SourceDate "2017.08.23"]
[SourceVersion "1"]
[SourceVersionDate "2017.08.23"]
[SourceQuality "1"]

1. d4 Nf6 2. c4 e6 3. Nc3 Bb4 4. Qc2 d5 5. cxd5 exd5 6. Bg5 h6 7. Bxf6 Qxf6 8. a3 Bxc3+ 9. Qxc3 c6 10. e3 0-0 11. Ne2 Re8 12. Ng3 b6 13. Be2 Ba6 14. Rc1 Bxe2 15. Nxe2 Rc8 16. Nf4 Nd7 17. b4 Qd6 18. Nd3 a5 19. 0-0 axb4 20. axb4 Ra4 21. Rfd1 Qc7 22. Rc2 Qa7 23. Qb2 c5 24. dxc5 bxc5 25. Nxc5 Nxc5 26. Qd4 Rc7 27. Rxc5 Rxb4 28. Rxc7 Rxd4 29. Rc8+ Kh7 30. exd4 Qa4 31. Rcc1 Kg6 32. Rd3 Kf6 33. h3 Kg6 34. Rc5 Qa8 35. Kh2 h5 36. Rg3+ Kh6 37. h4 Qd8 38. Rg5 Qf6 39. Rcxd5 Qf4+ 40. Kh3 Qxf2 41. Rxh5+ Kg6 42. Rdg5+ Kf6 43. Rf5+ Qxf5+ 44. Rxf5+ Kxf5 45. g4+ Ke4 46. h5 Kxd4 47. g5 Ke5 48. Kg4 f5+ 49. Kf3 f4 50. Kg4 Ke4 51. h6 gxh6 52. gxh6 f3 53. Kg3 Ke3 54. h7 f2 55. h8Q f1Q 56. Qe5+ Kd2 57. Qb2+ Ke1 58. Qe5+ 1/2-1/2

[Event "DEN-ch Seniors"]
[Site "Skorping"]
[Date "2017.04.14"]
[Round "2"]
[White "Jensen, Jorgen M"]
[Black "Jarlnaes, Erik"]
[Result "1/2-1/2"]
[WhiteElo "1611"]
[BlackElo "1896"]
[PlyCount "100"]
[EventDate "2017.04.13"]
[EventType "swiss"]
[EventRounds "5"]
[EventCountry "DEN"]
[SourceTitle "EXT 2023"]
[Source "ChessBase"]
[SourceDate "2022.10.05"]
[SourceVersion "1"]
[SourceVersionDate "2022.10.05"]
[SourceQuality "1"]

1. b4 d5 2. Bb2 e6 3. e3 f5 4. c4 c6 5. a4 Nf6 6. b5 Bd6 7. Nf3 0-0 8. Be2 Qe8 9. d4 cxb5 10. c5 Bc7 11. axb5 Bd8 12. Nbd2 Ne4 13. Ra3 g5 14. Qa1 a6 15. h3 Nxd2 16. Kxd2 f4 17. Rf1 fxe3+ 18. Rxe3 h5 19. g4 Bc7 20. Ke1 Bf4 21. Ra3 e5 22. dxe5 hxg4 23. hxg4 Bxg4 24. Rh1 Be6 25. Bd4 Nd7 26. c6 bxc6 27. bxc6 Nb8 28. c7 Nc6 29. Bc5 Rf5 30. Bd6 d4 31. Nxd4 Nxe5 32. Nxf5 Bxf5 33. Bxe5 Bxe5 34. Qa2+ Kg7 35. Rxa6 Rc8 36. Qa4 Qxa4 37. Rxa4 Rxc7 38. Kf1 Bd7 39. Rc4 Ra7 40. Bd3 Ra1+ 41. Kg2 Rxh1 42. Kxh1 Bf4 43. f3 Kf6 44. Be4 Be6 45. Ra4 Be5 46. Kg2 g4 47. Ra6 gxf3+ 48. Kxf3 Ke7 49. Ra7+ Kd6 50. Ra6+ Ke7 1/2-1/2

[Event "Helsingor Xtracon op"]
[Site "Helsingor"]
[Date "2016.07.27"]
[Round "6"]
[White "Jarlnaes, Erik"]
[Black "Andersen, Johnny"]
[Result "1-0"]
[WhiteElo "1928"]
[BlackElo "1740"]
[PlyCount "81"]
[EventDate "2016.07.23"]
[EventType "swiss"]
[EventRounds "10"]
[EventCountry "DEN"]
[SourceTitle "CBM 173 Extra"]
[Source "ChessBase"]
[SourceDate "2016.08.29"]
[SourceVersion "1"]
[SourceVersionDate "2016.08.29"]
[SourceQuality "1"]

1. e4 b6 2. Nc3 Bb7 3. Nf3 e6 4. d4 Nf6 5. Bg5 Bb4 6. e5 h6 7. Bh4 g5 8. Nxg5 Ne4 9. Ngxe4 Qxh4 10. Nf6+ Ke7 11. Qg4 Qxg4 12. Nxg4 Nc6 13. 0-0-0 Bxc3 14. bxc3 d6 15. f4 Na5 16. Rg1 Bd5 17. Kb1 Nc4 18. Bxc4 Bxc4 19. Ne3 Ba6 20. g4 Bb7 21. f5 Be4 22. fxe6 fxe6 23. Rdf1 Raf8 24. Kc1 d5 25. Kd2 c5 26. dxc5 bxc5 27. Rxf8 Rxf8 28. Rf1 Rxf1 29. Nxf1 Bf3 30. Ne3 d4 31. cxd4 cxd4 32. Nc4 Bxg4 33. Nd6 a6 34. Kd3 Bd1 35. Ne4 a5 36. Nf2 Bf3 37. Kxd4 Kd7 38. Kc5 Bc6 39. Ng4 Ba4 40. c3 h5 41. Nf6+ 1-0

[Event "Politiken Cup 37th"]
[Site "Helsingor"]
[Date "2015.07.25"]
[Round "1"]
[White "Christiansen, Johan Sebastian"]
[Black "Jarlnaes, Erik"]
[Result "1-0"]
[WhiteElo "2409"]
[BlackElo "1892"]
[PlyCount "53"]
[EventDate "2015.07.25"]
[EventType "swiss"]
[EventRounds "10"]
[EventCountry "DEN"]
[SourceTitle "CBM 167 Extra"]
[Source "ChessBase"]
[SourceDate "2015.09.14"]
[SourceVersion "1"]
[SourceVersionDate "2015.09.14"]
[SourceQuality "1"]

1. c4 Nf6 2. g3 g6 3. Bg2 Bg7 4. Nf3 d5 5. cxd5 Nxd5 6. d4 0-0 7. 0-0 c6 8. e4 Nb6 9. h3 N8d7 10. Nc3 c5 11. d5 Nc4 12. Qe2 Nde5 13. Nxe5 Nxe5 14. f4 Nd7 15. e5 Nb6 16. a4 Bd7 17. a5 Nc8 18. Be3 b6 19. axb6 Qxb6 20. Ra6 Qb4 21. e6 Be8 22. d6 Bxc3 23. d7 Nb6 24. bxc3 Qc4 25. Qxc4 Nxc4 26. Bxa8 Bxd7 27. exd7 1-0

[Event "Politiken Cup 36th"]
[Site "Helsingor"]
[Date "2014.07.28"]
[Round "9"]
[White "Jarlnaes, Erik"]
[Black "Morkedal, Oyvind"]
[Result "1-0"]
[WhiteElo "1892"]
[BlackElo "1719"]
[PlyCount "45"]
[EventDate "2014.07.21"]
[EventType "swiss"]
[EventRounds "10"]
[EventCountry "DEN"]
[SourceTitle "CBM 161 Extra"]
[Source "ChessBase"]
[SourceDate "2014.08.29"]
[SourceVersion "1"]
[SourceVersionDate "2014.08.29"]
[SourceQuality "1"]

1. e4 c5 2. Nf3 e6 3. d4 cxd4 4. Nxd4 a6 5. Bd3 Nc6 6. Be3 Qc7 7. Nxc6 dxc6 8. a4 Bb4+ 9. c3 Ba5 10. Nd2 Bb6 11. Bxb6 Qxb6 12. Nc4 Qc7 13. e5 Ne7 14. Nd6+ Kf8 15. Qf3 Ng6 16. Bxg6 hxg6 17. 0-0-0 Rh5 18. Rhe1 Rf5 19. Nxf5 exf5 20. Qe3 Be6 21. Qc5+ Kg8 22. Rd6 Bd5 23. Rxd5 1-0

[Event "Politiken Cup 36th"]
[Site "Helsingor"]
[Date "2014.07.26"]
[Round "7"]
[White "Jarlnaes, Erik"]
[Black "Larsen, Hans Haagen"]
[Result "1-0"]
[WhiteElo "1892"]
[BlackElo "1683"]
[PlyCount "75"]
[EventDate "2014.07.21"]
[EventType "swiss"]
[EventRounds "10"]
[EventCountry "DEN"]
[SourceTitle "CBM 161 Extra"]
[Source "ChessBase"]
[SourceDate "2014.08.29"]
[SourceVersion "1"]
[SourceVersionDate "2014.08.29"]
[SourceQuality "1"]

1. e4 e6 2. d4 d5 3. Nc3 Bb4 4. exd5 exd5 5. Bd3 Nc6 6. Be3 Nge7 7. Nge2 Nf5 8. Bxf5 Bxf5 9. 0-0 Qd7 10. a3 Bxc3 11. bxc3 Na5 12. Ng3 Nc4 13. Re1 0-0 14. Nf1 Qd6 15. Nd2 Nxa3 16. Ra2 Nb5 17. Qa1 Qc6 18. c4 dxc4 19. c3 a6 20. Nf3 f6 21. Rd2 Qd5 22. Bf4 Be4 23. Re3 g5 24. Bg3 Bxf3 25. gxf3 f5 26. Qe1 f4 27. Re5 Qd8 28. Re7 Rf6 29. Rde2 Qd6 30. R2e6 Rxe6 31. Rxe6 Qd7 32. Re7 Qf5 33. Re5 Qd3 34. Rxg5+ Kf7 35. Qe5 Rg8 36. Qd5+ Kf6 37. Rxg8 Qe2 38. Rf8+ 1-0

[Event "Politiken Cup 36th"]
[Site "Helsingor"]
[Date "2014.07.22"]
[Round "3"]
[White "Kaasen, Tor Fredrik"]
[Black "Jarlnaes, Erik"]
[Result "1/2-1/2"]
[WhiteElo "1676"]
[BlackElo "1892"]
[PlyCount "70"]
[EventDate "2014.07.21"]
[EventType "swiss"]
[EventRounds "10"]
[EventCountry "DEN"]
[SourceTitle "CBM 161 Extra"]
[Source "ChessBase"]
[SourceDate "2014.08.29"]
[SourceVersion "1"]
[SourceVersionDate "2014.08.29"]
[SourceQuality "1"]

1. e4 e5 2. Nf3 Nc6 3. Bb5 Nf6 4. 0-0 Bc5 5. c3 0-0 6. d4 exd4 7. cxd4 Be7 8. d5 Nb8 9. e5 Ne8 10. Nc3 d6 11. Bf4 Bg4 12. Rc1 dxe5 13. Bxe5 Nd6 14. h3 Bh5 15. Bd3 Nd7 16. Bxd6 Bxd6 17. g4 Bg6 18. Bxg6 hxg6 19. Ne4 Bf4 20. Rc4 Ne5 21. Nxe5 Bxe5 22. f4 Bd6 23. Qc2 Re8 24. Kg2 Qh4 25. Nxd6 Re3 26. Rf3 Rxf3 27. Kxf3 Qxh3+ 28. Ke4 Qh1+ 29. Ke3 cxd6 30. Rc8+ Rxc8 31. Qxc8+ Kh7 32. Qxb7 Qe1+ 33. Kf3 Qf1+ 34. Ke3 Qe1+ 35. Kf3 Qf1+ 1/2-1/2

[Event "Politiken Cup 36th"]
[Site "Helsingor"]
[Date "2014.07.21"]
[Round "1"]
[White "Fries Nielsen, Niels Jorgen"]
[Black "Jarlnaes, Erik"]
[Result "1-0"]
[WhiteElo "2297"]
[BlackElo "1892"]
[PlyCount "87"]
[EventDate "2014.07.21"]
[EventType "swiss"]
[EventRounds "10"]
[EventCountry "DEN"]
[SourceTitle "CBM 161 Extra"]
[Source "ChessBase"]
[SourceDate "2014.08.29"]
[SourceVersion "1"]
[SourceVersionDate "2014.08.29"]
[SourceQuality "1"]

1. e4 e6 2. d3 d5 3. Nd2 c5 4. Ngf3 Nc6 5. Be2 Bd6 6. 0-0 Nge7 7. Re1 0-0 8. Bf1 Ng6 9. c3 b6 10. a3 Ba6 11. Qa4 Qc8 12. b4 b5 13. Qd1 Qc7 14. bxc5 Bxc5 15. d4 Be7 16. a4 Qb6 17. Qe2 b4 18. Qxa6 Qxa6 19. Bxa6 bxc3 20. Bb7 Nb4 21. Bxa8 Rxa8 22. Nb3 Nc2 23. exd5 exd5 24. Rb1 Nxe1 25. Nxe1 Rb8 26. Nd2 Bb4 27. Nf1 a5 28. Nc2 Ne7 29. Nfe3 f5 30. g3 Kf7 31. Kf1 Ke6 32. Ke2 g5 33. Kd3 f4 34. Nd1 fxg3 35. hxg3 Kf5 36. Nce3+ Ke6 37. Nxc3 Rf8 38. Ncd1 h5 39. Ng2 Rf5 40. Be3 Nc6 41. Nc3 Be7 42. Rh1 h4 43. gxh4 gxh4 44. Rh2 1-0

[Event "Politiken Cup 35th"]
[Site "Helsingor"]
[Date "2013.08.04"]
[Round "10"]
[White "Ottesen, Soren Rud"]
[Black "Jarlnaes, Erik"]
[Result "0-1"]
[WhiteElo "1782"]
[BlackElo "1961"]
[PlyCount "44"]
[EventDate "2013.07.27"]
[EventType "swiss"]
[EventRounds "10"]
[EventCountry "DEN"]
[SourceTitle "CBM 155 Extra"]
[Source "ChessBase"]
[SourceDate "2013.08.26"]
[SourceVersion "1"]
[SourceVersionDate "2013.08.26"]
[SourceQuality "1"]

1. e4 e6 2. d4 d5 3. e5 c5 4. c3 Nc6 5. Nf3 Qb6 6. a3 a5 7. Be2 cxd4 8. cxd4 Nge7 9. Nc3 Nf5 10. Bb5 Be7 11. 0-0 0-0 12. Be3 Bd7 13. Qa4 f6 14. g4 Nxe3 15. fxe3 fxe5 16. Nxe5 Nxe5 17. Bxd7 Nf3+ 18. Kg2 Qxb2+ 19. Rf2 Nh4+ 20. Kh3 Qxf2 21. Bxe6+ Kh8 22. Bxd5 Rf3+ 0-1

[Event "Politiken Cup 35th"]
[Site "Helsingor"]
[Date "2013.08.01"]
[Round "7"]
[White "Jarlnaes, Erik"]
[Black "Egholm, Leif"]
[Result "1-0"]
[WhiteElo "1961"]
[BlackElo "1793"]
[PlyCount "113"]
[EventDate "2013.07.27"]
[EventType "swiss"]
[EventRounds "10"]
[EventCountry "DEN"]
[SourceTitle "CBM 155 Extra"]
[Source "ChessBase"]
[SourceDate "2013.08.26"]
[SourceVersion "1"]
[SourceVersionDate "2013.08.26"]
[SourceQuality "1"]

1. e4 d5 2. exd5 Qxd5 3. Nc3 Qa5 4. d4 c6 5. Bc4 Bf5 6. Nf3 Nf6 7. 0-0 e6 8. Re1 Be7 9. a3 Nbd7 10. Bf4 0-0 11. Qe2 h6 12. Ne5 Nb6 13. b4 Bxb4 14. axb4 Qxb4 15. Na2 Qb2 16. c3 Nxc4 17. Qxc4 Nd5 18. Bg3 a5 19. Qe2 Qb3 20. Rec1 Rfd8 21. Nd3 Qb6 22. Nc5 Qa7 23. c4 Ne7 24. Bc7 Rxd4 25. Qb2 Rxc4 26. Rxc4 b5 27. Rd4 Qxc5 28. Bd6 Qa7 29. Bxe7 Qxe7 30. Rad1 Qg5 31. h4 Qf6 32. Qd2 Kh7 33. Rd8 Ra7 34. Qd4 Qe7 35. Rd7 Rxd7 36. Qxd7 Qa3 37. Rd2 Be4 38. Qd4 Bd5 39. Qc3 Qa4 40. Qd3+ Kg8 41. Nc3 Qxh4 42. Nxd5 exd5 43. Qc3 Qb4 44. Rc2 Qxc3 45. Rxc3 b4 46. Rxc6 a4 47. Ra6 a3 48. Ra4 d4 49. Rxb4 d3 50. Kf1 g5 51. Ra4 f5 52. Rxa3 h5 53. Ke1 h4 54. Kd2 f4 55. f3 g4 56. fxg4 f3 57. gxf3 1-0

[Event "Politiken Cup 35th"]
[Site "Helsingor"]
[Date "2013.07.31"]
[Round "6"]
[White "Bayhan, Erkan"]
[Black "Jarlnaes, Erik"]
[Result "1-0"]
[WhiteElo "1753"]
[BlackElo "1961"]
[PlyCount "147"]
[EventDate "2013.07.27"]
[EventType "swiss"]
[EventRounds "10"]
[EventCountry "DEN"]
[SourceTitle "CBM 155 Extra"]
[Source "ChessBase"]
[SourceDate "2013.08.26"]
[SourceVersion "1"]
[SourceVersionDate "2013.08.26"]
[SourceQuality "1"]

1. d4 Nf6 2. c4 c5 3. Nf3 cxd4 4. Nxd4 Nc6 5. Nc3 g6 6. e4 d6 7. Be2 Nxd4 8. Qxd4 Bg7 9. 0-0 0-0 10. Qd1 Bd7 11. Be3 Bc6 12. f3 Nd7 13. Qd2 Qa5 14. Rfd1 Rac8 15. Nd5 Qd8 16. Rac1 b6 17. Bg5 Re8 18. b3 Nc5 19. Be3 Qd7 20. Bd3 Ne6 21. Bb1 Nc5 22. h4 b5 23. cxb5 Bxb5 24. Nf4 Ne6 25. Nxe6 fxe6 26. Bd3 a6 27. Bc4 Bxc4 28. Rxc4 Rxc4 29. bxc4 Qa4 30. c5 dxc5 31. Bxc5 Rc8 32. Bxe7 Kf7 33. Bg5 h6 34. Qd7+ Qxd7 35. Rxd7+ Kf8 36. Rd8+ Rxd8 37. Bxd8 Ke8 38. Bb6 Kd7 39. Kf2 Kc6 40. Be3 Kb5 41. Ke2 Kb4 42. Bc1 Kc3 43. Bd2+ Kb2 44. a4 Kb3 45. a5 Kc4 46. Ke3 h5 47. g4 Bf6 48. Be1 Be5 49. gxh5 gxh5 50. f4 Bd4+ 51. Kf3 Bf6 52. e5 Bd8 53. Ke4 Be7 54. f5 exf5+ 55. Kxf5 Kd5 56. e6 Bd8 57. Bg3 Be7 58. Be5 Bb4 59. Bf6 Kd6 60. Bd8 Be1 61. e7 Kd7 62. Kg5 Ke8 63. Kxh5 Kf7 64. Kg5 Bd2+ 65. Kf5 Be1 66. h5 Bd2 67. Ke5 Bc3+ 68. Kd6 Ke8 69. h6 Bb4+ 70. Kc6 Bc3 71. h7 Bf6 72. Kb6 Kf7 73. e8Q+ Kxe8 74. Bxf6 1-0

[Event "Politiken Cup 35th"]
[Site "Helsingor"]
[Date "2013.07.28"]
[Round "2"]
[White "Kyrkjebo, Eirik"]
[Black "Jarlnaes, Erik"]
[Result "1-0"]
[WhiteElo "1711"]
[BlackElo "1961"]
[PlyCount "96"]
[EventDate "2013.07.27"]
[EventType "swiss"]
[EventRounds "10"]
[EventCountry "DEN"]
[SourceTitle "CBM 155 Extra"]
[Source "ChessBase"]
[SourceDate "2013.08.26"]
[SourceVersion "1"]
[SourceVersionDate "2013.08.26"]
[SourceQuality "1"]

1. e4 e6 2. d4 d5 3. Nd2 c5 4. c3 Nc6 5. Bb5 cxd4 6. cxd4 Qb6 7. Bxc6+ bxc6 8. Ne2 Ba6 9. 0-0 Bb4 10. exd5 cxd5 11. Qa4+ Qb5 12. Qxb5+ Bxb5 13. Re1 Rc8 14. Nf4 Rxc1 15. Rexc1 Bxd2 16. Rc8+ Kd7 17. Rb8 Bxf4 18. Rxb5 Ne7 19. Rb7+ Bc7 20. Rc1 Nc6 21. b4 Rc8 22. b5 Nxd4 23. Kf1 Nxb5 24. Rxb5 Bb6 25. Rxc8 Kxc8 26. Ke2 Kd7 27. a4 Kc6 28. f4 f6 29. Rb3 Bc7 30. g3 e5 31. fxe5 fxe5 32. Rf3 e4 33. Rf7 Be5 34. Rxa7 d4 35. a5 d3+ 36. Kd2 Bf6 37. Ra8 Bg5+ 38. Kd1 e3 39. Rb8 e2+ 40. Ke1 Be3 41. Rb3 Bg1 42. h3 Bc5 43. a6 h5 44. Rc3 Kb6 45. Rxc5 Kxc5 46. a7 Kd4 47. Kd2 g5 48. a8Q e1Q+ 1-0